[Event "Titled Tuesday intern op 5th May"]
[Site "Chess.com INT"]
[Date "2020.05.05"]
[Round "1"]
[White "Pechen, Yeltsina"]
[Black "Kopylov, Michael"]
[Result "1-0"]
[WhiteElo "2731"]
[BlackElo "2407"]
[PlyCount "103"]
[EventDate "2020.05.05"]
[EventType "swiss (blitz)"]
[EventRounds "10"]
[EventCountry "USA"]
[SourceTitle "EXT 2021"]
[Source "ChessBase"]
[SourceDate "2020.10.23"]
[SourceVersion "1"]
[SourceVersionDate "2020.10.23"]
[SourceQuality "1"]

1. e4 d5 2. exd5 Qxd5 3. Nc3 Qd6 4. d4 Nf6 5. Nf3 a6 6. Ne5 Nc6 7. Nxc6 Qxc6 8. d5 Qd6 9. g3 Bg4 10. Qd3 0-0-0 11. Bf4 Qd7 12. Bg2 e6 13. 0-0 exd5 14. Rfe1 Bc5 15. a3 Bb6 16. b4 Bf5 17. Qd2 d4 18. Nd1 Rhe8 19. Bg5 Rxe1+ 20. Qxe1 Bxc2 21. Nb2 d3 22. Nc4 Bd4 23. Rc1 Re8 24. Qf1 Re2 25. Be3 Ng4 26. Bf3 Nxe3 27. fxe3 Rxe3 28. Nxe3 Bxe3+ 29. Kg2 Bxc1 30. Qxc1 Ba4 31. Qe3 Bc6 32. Bxc6 bxc6 33. Qd2 Qd4 34. Kf3 Kb7 35. h4 Kb6 36. a4 c5 37. bxc5+ Kxc5 38. Qa5+ Kc6 39. Qxa6+ Kd7 40. Qb5+ Kd6 41. Qb3 d2 42. Ke2 c5 43. Qb8+ Kc6 44. Qb5+ Kd6 45. Qb6+ Ke5 46. Qc7+ Kf5 47. Qxf7+ Ke4 48. Qf4+ Kd5 49. Qf7+ Ke5 50. Qxg7+ Kf5 51. Qxd4 cxd4 52. a5 1-0

[Event "Titled Tuesday intern op 28th Apr"]
[Site "Chess.com INT"]
[Date "2020.04.28"]
[Round "5"]
[White "Pechen, Yeltsina"]
[Black "Besedes, Danilo"]
[Result "0-1"]
[WhiteElo "2745"]
[BlackElo "2276"]
[PlyCount "56"]
[EventDate "2020.04.28"]
[EventType "swiss (blitz)"]
[EventRounds "10"]
[EventCountry "USA"]
[SourceTitle "EXT 2021"]
[Source "ChessBase"]
[SourceDate "2020.10.23"]
[SourceVersion "1"]
[SourceVersionDate "2020.10.23"]
[SourceQuality "1"]

1. e4 e5 2. Nc3 Nf6 3. Bc4 Nc6 4. d3 Bb4 5. Nge2 d5 6. exd5 Nxd5 7. Bd2 Nxc3 8. Nxc3 0-0 9. a3 Bxc3 10. Bxc3 Re8 11. 0-0 Be6 12. Bxe6 Rxe6 13. f4 exf4 14. Rxf4 Rg6 15. Qf3 Qd7 16. Re1 Re8 17. Rfe4 Rxe4 18. Rxe4 h6 19. b4 a6 20. h3 Ne7 21. Bb2 Nf5 22. Re5 Nh4 23. Qe4 Nxg2 24. Kh2 Kh7 25. Qd5 Qa4 26. Qc4 Nh4 27. Ra5 Nf3+ 28. Kh1 Rg1# 0-1

[Event "Titled Tuesday intern op1 3rd March  "]
[Site "Chess.com INT"]
[Date "2020.03.03"]
[Round "4"]
[White "Pechen, Yeltsina"]
[Black "David, Alexandru Vasile"]
[Result "1-0"]
[WhiteElo "2723"]
[BlackElo "2428"]
[PlyCount "39"]
[EventDate "2020.03.03"]
[EventType "swiss (blitz)"]
[EventRounds "10"]
[EventCountry "USA"]
[SourceTitle "EXT 2021"]
[Source "ChessBase"]
[SourceDate "2020.10.23"]
[SourceVersion "1"]
[SourceVersionDate "2020.10.23"]
[SourceQuality "1"]

1. e4 e6 2. d3 d5 3. Nd2 c5 4. Ngf3 Nc6 5. g3 Nf6 6. Bg2 Be7 7. 0-0 0-0 8. Re1 b5 9. exd5 exd5 10. a4 b4 11. d4 c4 12. Ne5 Nxe5 13. dxe5 Ne8 14. Nxc4 Be6 15. Ne3 Nc7 16. f4 f5 17. b3 Bc5 18. Kh1 Rc8 19. Bb2 Bd4 20. Bxd4 1-0

[Event "Titled Tuesday intern op1 3rd March  "]
[Site "Chess.com INT"]
[Date "2020.03.03"]
[Round "6"]
[White "Pechen, Yeltsina"]
[Black "Hasangatin, Ramil"]
[Result "0-1"]
[WhiteElo "2705"]
[BlackElo "2479"]
[PlyCount "100"]
[EventDate "2020.03.03"]
[EventType "swiss (blitz)"]
[EventRounds "10"]
[EventCountry "USA"]
[SourceTitle "EXT 2021"]
[Source "ChessBase"]
[SourceDate "2020.10.23"]
[SourceVersion "1"]
[SourceVersionDate "2020.10.23"]
[SourceQuality "1"]

1. e4 d5 2. exd5 Qxd5 3. Nc3 Qd6 4. d4 Nf6 5. Nf3 a6 6. Ne5 Nc6 7. Nxc6 Qxc6 8. Bf4 e6 9. Be2 Bd6 10. Bf3 Qd7 11. Be5 Rb8 12. 0-0 b5 13. a4 b4 14. Ne4 Nxe4 15. Bxe4 Bb7 16. Bxb7 Rxb7 17. Qf3 c6 18. Bxg7 Rg8 19. Be5 Bxe5 20. dxe5 Qd5 21. Qxd5 cxd5 22. Rad1 Rc7 23. Rd2 Kd7 24. b3 Rgc8 25. Rc1 Rc3 26. Kf1 Rxb3 27. Ke2 Rbc3 28. Rb1 a5 29. Rb2 R8c4 30. f3 Ra3 31. g3 Rxa4 32. f4 Ra1 33. Ke3 a4 34. Rd4 a3 35. Rxb4 Rxb4 36. Rxb4 a2 37. Kd2 Rh1 38. Rb7+ Kc6 39. Rxf7 a1Q 40. Rxh7 Qd4+ 41. Ke2 Qe4+ 42. Kf2 Qxh7 43. h4 Qe4 44. c4 d4 45. c5 d3 46. f5 d2 47. fxe6 d1Q 48. e7 Kd7 49. c6+ Ke8 50. c7 Qdf3# 0-1

[Event "Titled Tuesday intern op1 3rd March  "]
[Site "Chess.com INT"]
[Date "2020.03.03"]
[Round "1"]
[White "Pechen, Yeltsina"]
[Black "Karwowski, Kacper"]
[Result "1-0"]
[WhiteElo "2718"]
[BlackElo "2190"]
[PlyCount "97"]
[EventDate "2020.03.03"]
[EventType "swiss (blitz)"]
[EventRounds "10"]
[EventCountry "USA"]
[SourceTitle "EXT 2021"]
[Source "ChessBase"]
[SourceDate "2020.10.23"]
[SourceVersion "1"]
[SourceVersionDate "2020.10.23"]
[SourceQuality "1"]

1. e4 c5 2. Nf3 e6 3. g3 Nc6 4. d3 g6 5. Bg2 Bg7 6. 0-0 Nge7 7. Re1 0-0 8. e5 d5 9. exd6 Qxd6 10. Nbd2 b6 11. Nc4 Qd8 12. h4 h5 13. Bg5 Bb7 14. c3 Qc8 15. a4 Nf5 16. Qc2 Qc7 17. Bf4 Qd7 18. a5 b5 19. a6 bxc4 20. axb7 Qxb7 21. dxc4 Qb6 22. Ng5 Rfd8 23. Ra2 Rd7 24. Qa4 Nfe7 25. Qb5 Rad8 26. Ne4 Rd1 27. Ra1 Rxe1+ 28. Rxe1 e5 29. Bg5 Rb8 30. Nxc5 Qxb5 31. cxb5 Rxb5 32. b4 Kh7 33. Rd1 f6 34. Be3 a5 35. Bf1 Rb8 36. b5 Nd8 37. Na6 Rc8 38. b6 Nf5 39. Rd7 Kh8 40. Bd3 Nxe3 41. fxe3 f5 42. c4 e4 43. Be2 Be5 44. c5 Bxg3 45. Bb5 Bxh4 46. Rc7 Ra8 47. c6 Bg3 48. Ra7 Rb8 49. c7 1-0

[Event "Titled Tuesday intern op 6th Aug"]
[Site "Chess.com INT"]
[Date "2019.08.06"]
[Round "2"]
[White "Pechen, Yeltsina"]
[Black "Naroditsky, Daniel"]
[Result "1-0"]
[WhiteElo "2671"]
[BlackElo "2610"]
[PlyCount "93"]
[EventDate "2019.08.06"]
[EventType "swiss (blitz)"]
[EventRounds "10"]
[EventCountry "USA"]
[SourceTitle "EXT 2021"]
[Source "ChessBase"]
[SourceDate "2020.10.23"]
[SourceVersion "1"]
[SourceVersionDate "2020.10.23"]
[SourceQuality "1"]

1. e4 Nf6 2. e5 Nd5 3. d4 d6 4. c4 Nb6 5. exd6 exd6 6. Nc3 Be7 7. Bd3 0-0 8. Nge2 Bf6 9. 0-0 Nc6 10. Be3 Bg4 11. f3 Bh5 12. b3 Bg6 13. Ne4 Re8 14. Qd2 d5 15. Nxf6+ Qxf6 16. c5 Qe7 17. Kf2 Bxd3 18. Qxd3 Nd7 19. Rae1 Nb4 20. Qd2 Nc6 21. Ng3 Qh4 22. Kg1 g6 23. Bf2 Qf6 24. b4 a6 25. a4 a5 26. b5 Nb4 27. Rxe8+ Rxe8 28. Re1 Re6 29. Rxe6 fxe6 30. f4 c6 31. b6 h5 32. Qe3 Qf7 33. Be1 Nc2 34. Qd2 Nxe1 35. Qxe1 Nf6 36. h3 h4 37. Ne2 Qh7 38. Qxa5 Qf7 39. Qe1 Ne4 40. Qxh4 Kg7 41. Qd8 g5 42. Qc7 gxf4 43. Nxf4 Kf6 44. Qxf7+ Kxf7 45. a5 Nf6 46. Nd3 Nd7 47. Ne5+ 1-0

[Event "Titled Tuesday intern op 6th Aug"]
[Site "Chess.com INT"]
[Date "2019.08.06"]
[Round "4"]
[White "Savchenko, Boris"]
[Black "Pechen, Yeltsina"]
[Result "1-0"]
[WhiteElo "2576"]
[BlackElo "2661"]
[PlyCount "49"]
[EventDate "2019.08.06"]
[EventType "swiss (blitz)"]
[EventRounds "10"]
[EventCountry "USA"]
[SourceTitle "EXT 2021"]
[Source "ChessBase"]
[SourceDate "2020.10.23"]
[SourceVersion "1"]
[SourceVersionDate "2020.10.23"]
[SourceQuality "1"]

1. d4 g6 2. Nc3 Bg7 3. e4 d6 4. Be3 a6 5. Qd2 Nd7 6. h4 h6 7. g4 b5 8. 0-0-0 Bb7 9. f3 Rc8 10. Kb1 Nb6 11. b3 Nf6 12. Bh3 Nfd7 13. g5 hxg5 14. hxg5 c5 15. dxc5 Nxc5 16. Bd4 e5 17. Bxc5 Rxc5 18. Qxd6 Qxd6 19. Rxd6 Rxc3 20. Rxb6 Bc8 21. Kb2 Rc7 22. Rb8 Ke7 23. Rh2 Rh5 24. a3 Be6 25. Rg8 1-0

[Event "Titled Tuesday intern op 6th Aug"]
[Site "Chess.com INT"]
[Date "2019.08.06"]
[Round "6"]
[White "Tisaj, Domen"]
[Black "Pechen, Yeltsina"]
[Result "1-0"]
[WhiteElo "2339"]
[BlackElo "2654"]
[PlyCount "185"]
[EventDate "2019.08.06"]
[EventType "swiss (blitz)"]
[EventRounds "10"]
[EventCountry "USA"]
[SourceTitle "EXT 2021"]
[Source "ChessBase"]
[SourceDate "2020.10.23"]
[SourceVersion "1"]
[SourceVersionDate "2020.10.23"]
[SourceQuality "1"]

1. d4 g6 2. Bf4 Bg7 3. Nc3 d6 4. e4 a6 5. a4 Nd7 6. Qd2 c5 7. Nf3 cxd4 8. Nxd4 Ngf6 9. Bh6 Bxh6 10. Qxh6 Qb6 11. Nb3 Nc5 12. Qg7 Rg8 13. Nd5 Qb4+ 14. Nxb4 Rxg7 15. e5 Nfe4 16. Nxc5 Nxc5 17. Nd5 Rb8 18. 0-0-0 Be6 19. exd6 exd6 20. Nc3 Ke7 21. Be2 Rgg8 22. Rhe1 Rgd8 23. Bf3 b5 24. axb5 axb5 25. Nd5+ Kf8 26. Nb4 Rb6 27. b3 h6 28. Kb2 g5 29. Bd5 Re8 30. Rd2 Bxd5 31. Rxe8+ Kxe8 32. Nxd5 Rc6 33. Ne3 Ne4 34. Re2 Kd7 35. Nf5 d5 36. f3 Nd6 37. Nxh6 b4 38. Ng4 Ra6 39. Ne5+ Kc7 40. Nd3 Rb6 41. Re7+ Kd8 42. Re5 Rb5 43. Rxg5 f6 44. Rh5 Ke7 45. Nf4 Nf7 46. Rxd5 Rb6 47. Rd4 Rb5 48. Nd3 Nd8 49. Rxb4 Rd5 50. Re4+ Kf7 51. h4 Rh5 52. g3 Nb7 53. b4 Nd6 54. Rf4 Rd5 55. Nc5 Kg6 56. Ne4 Nf5 57. h5+ Kg7 58. Nxf6 Rb5 59. Ne8+ Kh6 60. c3 Nxg3 61. Rc4 Rb8 62. Nd6 Nxh5 63. b5 Nf6 64. Rb4 Nd5 65. Rb3 Nb6 66. Ne4 Nc4+ 67. Kc1 Kg6 68. Nd2 Nb6 69. c4 Rc8 70. Kb2 Kf5 71. Kc3 Ke5 72. Kb4 Rb8 73. Rd3 Ke6 74. c5 Nd5+ 75. Kc4 Ne7 76. c6 Ra8 77. Ne4 Ra1 78. Nc5+ Kf7 79. c7 Rc1+ 80. Kb4 Rb1+ 81. Nb3 Rb2 82. b6 Ke6 83. b7 Nc6+ 84. Kc3 Ra2 85. c8Q+ Ke5 86. Qxc6 Kf4 87. Qe4+ Kg5 88. Qg4+ Kf6 89. Rd6+ Ke5 90. Qd4+ Kf5 91. Rf6+ Kg5 92. Qf4+ Kh5 93. Rh6# 1-0

[Event "Titled Tuesday intern op 6th Aug"]
[Site "Chess.com INT"]
[Date "2019.08.06"]
[Round "10"]
[White "Tregubov, Pavel V"]
[Black "Pechen, Yeltsina"]
[Result "0-1"]
[WhiteElo "2588"]
[BlackElo "2665"]
[PlyCount "136"]
[EventDate "2019.08.06"]
[EventType "swiss (blitz)"]
[EventRounds "10"]
[EventCountry "USA"]
[SourceTitle "EXT 2021"]
[Source "ChessBase"]
[SourceDate "2020.10.23"]
[SourceVersion "1"]
[SourceVersionDate "2020.10.23"]
[SourceQuality "1"]

1. d4 g6 2. Nf3 Bg7 3. c4 d6 4. g3 Nd7 5. Bg2 e5 6. Nc3 Ne7 7. 0-0 0-0 8. dxe5 dxe5 9. e4 Nc6 10. Bg5 Bf6 11. Bh6 Bg7 12. Bg5 Bf6 13. Bxf6 Nxf6 14. Qxd8 Rxd8 15. Nd5 Nxe4 16. Nxc7 Rb8 17. Rfe1 f5 18. Rad1 Bd7 19. Nd5 Be6 20. b3 Kg7 21. Nxe5 Nxe5 22. f3 Bxd5 23. cxd5 Nc3 24. Rd2 Nf7 25. f4 Re8 26. Re6 Rbd8 27. Rc2 Nb5 28. a4 Nbd6 29. Rc7 Rc8 30. Rd7 Ne4 31. Rxe8 Rxe8 32. Rxb7 Rd8 33. Bf1 Rxd5 34. Bc4 Rd1+ 35. Kg2 Ned6 36. Rxa7 Nxc4 37. bxc4 Kf6 38. a5 Nd6 39. Rxh7 Nxc4 40. a6 Ra1 41. a7 Nd6 42. h4 Nf7 43. h5 gxh5 44. Rxh5 Kg6 45. Rh1 Rxa7 46. Rc1 Nh6 47. Kh3 Ng4 48. Rc6+ Nf6 49. Rb6 Rh7+ 50. Kg2 Rd7 51. Kh3 Rd2 52. Ra6 Re2 53. Rb6 Kf7 54. Ra6 Ne4 55. Rb6 Re3 56. Kh4 Rxg3 57. Rb7+ Ke6 58. Rb6+ Kd7 59. Rb7+ Kc6 60. Rf7 Rg4+ 61. Kh5 Rxf4 62. Kg6 Nd6 63. Rf6 Rf1 64. Kg5 Kd5 65. Rf8 Ne4+ 66. Kg6 Ke5 67. Re8+ Kf4 68. Rf8 Kg4 0-1

[Event "Titled Tuesday intern op 2nd July"]
[Site "Chess.com INT"]
[Date "2019.07.02"]
[Round "6"]
[White "Pechen, Yeltsina"]
[Black "Kashtanov, Ruslan"]
[Result "1/2-1/2"]
[WhiteElo "2660"]
[BlackElo "2376"]
[PlyCount "106"]
[EventDate "2019.07.02"]
[EventType "swiss (blitz)"]
[EventRounds "10"]
[EventCountry "USA"]
[SourceTitle "EXT 2021"]
[Source "ChessBase"]
[SourceDate "2020.10.23"]
[SourceVersion "1"]
[SourceVersionDate "2020.10.23"]
[SourceQuality "1"]

1. d4 Nf6 2. c4 g6 3. Nc3 Bg7 4. e4 d6 5. Nge2 0-0 6. Ng3 a6 7. h4 c5 8. d5 b5 9. cxb5 axb5 10. Bxb5 Qa5 11. 0-0 Ba6 12. Qe2 Nfd7 13. Bxa6 Qxa6 14. h5 Ne5 15. hxg6 hxg6 16. Nb5 Nbd7 17. a4 Nb6 18. Qc2 Rfc8 19. Bg5 Kf8 20. Ne2 Qb7 21. Nec3 c4 22. Be3 Nd3 23. Bd4 Nd7 24. Bxg7+ Kxg7 25. Rfb1 N7c5 26. Ra3 Rh8 27. Nd1 Rh4 28. Qxc4 Rah8 29. Kf1 Nf4 30. f3 Rh2 31. Qd4+ f6 32. Qe3 g5 33. Nf2 Rxg2 34. b4 Nd7 35. Nd4 Rhh2 36. Nf5+ Kf8 37. Ra2 Ne5 38. a5 Qb5+ 39. Ke1 Rg1+ 40. Kd2 Rxb1 41. a6 Qxb4+ 42. Kc2 Qc4+ 43. Kxb1 Rg2 44. a7 Rg1+ 45. Kb2 Qb4+ 46. Kc2 Qb1+ 47. Kc3 Rc1+ 48. Qxc1 Qxc1+ 49. Kb3 Qb1+ 50. Rb2 Qa1 51. Ra2 Qb1+ 52. Rb2 Qa1 53. Ra2 Qb1+ 1/2-1/2

[Event "Titled Tuesday intern op 2nd July"]
[Site "Chess.com INT"]
[Date "2019.07.02"]
[Round "10"]
[White "Pechen, Yeltsina"]
[Black "Volovich, Vasily"]
[Result "1/2-1/2"]
[WhiteElo "2650"]
[BlackElo "2120"]
[PlyCount "40"]
[EventDate "2019.07.02"]
[EventType "swiss (blitz)"]
[EventRounds "10"]
[EventCountry "USA"]
[SourceTitle "EXT 2021"]
[Source "ChessBase"]
[SourceDate "2020.10.23"]
[SourceVersion "1"]
[SourceVersionDate "2020.10.23"]
[SourceQuality "1"]

1. Nf3 Nf6 2. g3 g6 3. Bg2 Bg7 4. 0-0 0-0 5. d3 d5 6. Nbd2 c5 7. e4 Nc6 8. Re1 dxe4 9. dxe4 Ng4 10. h3 Nge5 11. Nxe5 Nxe5 12. f4 Nc6 13. c3 e5 14. Nc4 Be6 15. Ne3 Qxd1 16. Rxd1 Rfd8 17. Nd5 Rd7 18. Be3 b6 19. Rd2 Rad8 20. Rad1 Kf8 1/2-1/2

[Event "Titled Tuesday intern op 2nd July"]
[Site "Chess.com INT"]
[Date "2019.07.02"]
[Round "7"]
[White "Sztokbant, Bernardo Vainzoff"]
[Black "Pechen, Yeltsina"]
[Result "0-1"]
[WhiteElo "2175"]
[BlackElo "2663"]
[PlyCount "71"]
[EventDate "2019.07.02"]
[EventType "swiss (blitz)"]
[EventRounds "10"]
[EventCountry "USA"]
[SourceTitle "EXT 2021"]
[Source "ChessBase"]
[SourceDate "2020.10.23"]
[SourceVersion "1"]
[SourceVersionDate "2020.10.23"]
[SourceQuality "1"]

1. e4 c5 2. Nf3 d6 3. d4 cxd4 4. Nxd4 Nf6 5. Nc3 a6 6. Be2 e5 7. Nb3 Be6 8. 0-0 Be7 9. a4 0-0 10. f4 Nc6 11. Kh1 d5 12. f5 d4 13. fxe6 dxc3 14. exf7+ Kh8 15. Bd3 cxb2 16. Bxb2 Rxf7 17. Qf3 Rf8 18. Qh3 Qc8 19. Qg3 Nh5 20. Rxf8+ Qxf8 21. Qg4 Nf4 22. Rf1 Bf6 23. Qd7 Nb4 24. Ba3 Nfxd3 25. cxd3 Qg8 26. Bxb4 Qxb3 27. Be7 Qf7 28. Rxf6 gxf6 29. Qd6 Kg8 30. h3 Re8 31. Bxf6 Qe6 32. Qxe6+ Rxe6 33. Bd8 b5 34. axb5 axb5 35. Ba5 Rd6 36. Kg1 0-1

[Event "Titled Tuesday intern op 4th June"]
[Site "Chess.com INT"]
[Date "2019.06.04"]
[Round "10"]
[White "Pechen, Yeltsina"]
[Black "Mieles Palau, Daniel Alberto"]
[Result "0-1"]
[WhiteElo "2688"]
[BlackElo "2359"]
[PlyCount "150"]
[EventDate "2019.06.04"]
[EventType "swiss (blitz)"]
[EventRounds "10"]
[EventCountry "USA"]
[SourceTitle "EXT 2021"]
[Source "ChessBase"]
[SourceDate "2020.10.23"]
[SourceVersion "1"]
[SourceVersionDate "2020.10.23"]
[SourceQuality "1"]

1. Nf3 d5 2. g3 c6 3. Bg2 Bf5 4. 0-0 e6 5. d3 Nf6 6. Nbd2 h6 7. Qe1 Bh7 8. e4 Be7 9. c3 0-0 10. Ne5 a5 11. Qe2 a4 12. d4 Nbd7 13. Nxd7 Nxd7 14. Re1 Qa5 15. Nf1 dxe4 16. Bxe4 Bxe4 17. Qxe4 Nf6 18. Qe5 Qxe5 19. Rxe5 Nd7 20. Re2 c5 21. Be3 Rfd8 22. Nd2 a3 23. b3 Rac8 24. c4 Bf6 25. Nf3 cxd4 26. Bxd4 Nc5 27. Bxf6 gxf6 28. Rc1 f5 29. Ne1 Ne4 30. f3 Nc5 31. Nc2 Ra8 32. Kf1 Kg7 33. Ne3 Kf6 34. Nd1 Nd3 35. Rb1 Nb4 36. Nc3 Rd3 37. Nb5 Rxf3+ 38. Kg2 Rd3 39. Rf1 h5 40. Rf4 Rad8 41. Rff2 h4 42. Nxa3 hxg3 43. hxg3 Rg8 44. Rf3 Rxf3 45. Kxf3 Ra8 46. Nb5 Rxa2 47. Rxa2 Nxa2 48. Nd6 Nc1 49. b4 Nd3 50. b5 Nc5 51. Ke3 e5 52. Ne8+ Kg5 53. Nd6 f6 54. Kf3 Kg6 55. Ke3 Kg5 56. Kf3 e4+ 57. Ke3 Kg4 58. b6 Kxg3 59. Nxf5+ Kg4 60. Nd6 f5 61. Kd4 f4 62. Kxc5 e3 63. Ne4 e2 64. Nf2+ Kf3 65. Nd3 Ke3 66. Ne1 f3 67. Kd6 f2 68. Ng2+ Kf3 69. Kc7 Kxg2 70. Kxb7 e1Q 71. c5 f1Q 72. c6 Qf3 73. Kc7 Qe7+ 74. Kb8 Qxc6 75. b7 Qcxb7# 0-1

[Event "Titled Tuesday intern op 5th March"]
[Site "Chess.com INT"]
[Date "2019.03.05"]
[Round "10"]
[White "Abdusattorov, Nodirbek"]
[Black "Pechen, Yeltsina"]
[Result "1-0"]
[WhiteElo "2560"]
[BlackElo "2648"]
[PlyCount "83"]
[EventDate "2019.03.05"]
[EventType "swiss (blitz)"]
[EventRounds "10"]
[EventCountry "USA"]
[SourceTitle "EXT 2021"]
[Source "ChessBase"]
[SourceDate "2020.10.23"]
[SourceVersion "1"]
[SourceVersionDate "2020.10.23"]
[SourceQuality "1"]

1. e4 g6 2. d4 Bg7 3. h4 h6 4. h5 g5 5. Nc3 d6 6. Be3 Nd7 7. Be2 a6 8. Nf3 b5 9. Qd2 Bb7 10. 0-0-0 b4 11. Nd5 a5 12. Nxg5 Bxd5 13. exd5 hxg5 14. Bxg5 Bh6 15. f4 Ndf6 16. Bf3 Qd7 17. Rh4 Nh7 18. Bxh6 Nxh6 19. g4 Rg8 20. g5 Nf5 21. Bg4 e6 22. dxe6 fxe6 23. Rh3 0-0-0 24. d5 Rdf8 25. Qd3 Kb7 26. g6 Nf6 27. dxe6 Qxe6 28. Bxf5 Qxa2 29. Qb3 Qxb3 30. cxb3 Ne8 31. Be6 Rh8 32. h6 Rf6 33. g7 Nxg7 34. hxg7 Rxh3 35. g8Q Rh2 36. Qc8+ Kb6 37. Qb8+ Kc6 38. Bd5+ Kd7 39. Re1 c5 40. Qe8+ Kc7 41. Re7+ Kb6 42. Qc6# 1-0

[Event "Titled Tuesday intern op 5th March"]
[Site "Chess.com INT"]
[Date "2019.03.05"]
[Round "1"]
[White "Le Ruyet, Leopold"]
[Black "Pechen, Yeltsina"]
[Result "0-1"]
[WhiteElo "2245"]
[BlackElo "2656"]
[PlyCount "272"]
[EventDate "2019.03.05"]
[EventType "swiss (blitz)"]
[EventRounds "10"]
[EventCountry "USA"]
[SourceTitle "EXT 2021"]
[Source "ChessBase"]
[SourceDate "2020.10.23"]
[SourceVersion "1"]
[SourceVersionDate "2020.10.23"]
[SourceQuality "1"]

1. f4 Nh6 2. Nf3 g6 3. g3 Bg7 4. Bg2 d6 5. 0-0 0-0 6. d3 Nc6 7. e4 f5 8. Nc3 Nf7 9. Be3 e5 10. fxe5 Nfxe5 11. Nxe5 Bxe5 12. d4 Bg7 13. Qd2 fxe4 14. Rxf8+ Qxf8 15. Rf1 Qe8 16. Nxe4 Bf5 17. Ng5 Qxe3+ 18. Qxe3 Bxd4 19. Bd5+ Kg7 20. Qxd4+ Nxd4 21. c3 Nc6 22. g4 h6 23. gxf5 hxg5 24. f6+ Kh6 25. Kg2 Rf8 26. Kg3 Nd8 27. Kg4 c6 28. Bb3 d5 29. c4 d4 30. c5 b6 31. f7 bxc5 32. Bc4 Kg7 33. Re1 Nxf7 34. Re7 Kf6 35. Re6+ Kg7 36. Bd3 Nh6+ 37. Kxg5 Nf7+ 38. Kg4 Rc8 39. Rxg6+ Kf8 40. Kf5 Re8 41. Rxc6 Re3 42. Bc4 Ne5 43. Rf6+ Kg7 44. Bd5 d3 45. Rd6 d2 46. Bb3 Nd3 47. Bc2 c4 48. Rd4 Re1 49. Rxc4 Rc1 50. Rd4 d1Q 51. Bxd1 Rxd1 52. Rd7+ Kf8 53. Rxa7 Nxb2 54. Ke4 Nc4 55. a4 Rh1 56. Kd4 Nd6 57. Rd7 Rd1+ 58. Kc5 Ne4+ 59. Kc6 Rc1+ 60. Kb5 Rb1+ 61. Kc4 Ra1 62. Kb4 Rb1+ 63. Kc4 Ke8 64. Rh7 Nf6 65. Rg7 Nd7 66. a5 Kd8 67. a6 Kc7 68. h4 Ra1 69. Rg6 Ra4+ 70. Kb5 Rxh4 71. a7 Rh5+ 72. Ka6 Nc5+ 73. Kb5 Kb7 74. Rg7+ Ka8 75. Kb6 Na4+ 76. Ka6 Rh6+ 77. Ka5 Nc5 78. Kb5 Nb7 79. Kc4 Kxa7 80. Kd5 Kb6 81. Rd7 Rh5+ 82. Kd4 Kc6 83. Rg7 Rh4+ 84. Ke5 Nc5 85. Rg6+ Kb5 86. Kd5 Rh3 87. Kd4 Rd3+ 88. Ke5 Rd1 89. Rd6 Re1+ 90. Kd5 Ne4 91. Re6 Nc3+ 92. Kd6 Rd1+ 93. Ke5 Kc5 94. Kf6 Rf1+ 95. Ke7 Nd5+ 96. Kd7 Rf7+ 97. Ke8 Rg7 98. Kf8 Ra7 99. Rh6 Kd4 100. Rg6 Ke5 101. Rg1 Ne7 102. Kf7 Nf5+ 103. Ke8 Kf6 104. Kd8 Rh7 105. Kc8 Nd6+ 106. Kb8 Rb7+ 107. Ka8 Rb2 108. Ka7 Ke6 109. Ka6 Kd5 110. Rc1 Nc4 111. Rh1 Kc6 112. Ka7 Ne5 113. Rc1+ Kd7 114. Ka6 Nc6 115. Rh1 Kc7 116. Rh7+ Kd6 117. Rh6+ Kd5 118. Rh5+ Ne5 119. Ka7 Rb4 120. Ka6 Kd6 121. Ka5 Nc6+ 122. Ka6 Kc7 123. Rh7+ Kc8 124. Rh8+ Nd8 125. Ka5 Rb1 126. Ka4 Kc7 127. Ka3 Ne6 128. Rh6 Nc5 129. Ka2 Rb8 130. Ka3 Nb7 131. Kb4 Nd6+ 132. Kc3 Kc6 133. Rh5 Rg8 134. Re5 Rh8 135. Rg5 Ne4+ 136. Kd4 Nxg5 0-1

[Event "Titled Tuesday intern op 5th March"]
[Site "Chess.com INT"]
[Date "2019.03.05"]
[Round "9"]
[White "Manafov, Vugar Gulam"]
[Black "Pechen, Yeltsina"]
[Result "0-1"]
[WhiteElo "2176"]
[BlackElo "2652"]
[PlyCount "140"]
[EventDate "2019.03.05"]
[EventType "swiss (blitz)"]
[EventRounds "10"]
[EventCountry "USA"]
[SourceTitle "EXT 2021"]
[Source "ChessBase"]
[SourceDate "2020.10.23"]
[SourceVersion "1"]
[SourceVersionDate "2020.10.23"]
[SourceQuality "1"]

1. Nf3 g6 2. g3 Bg7 3. d4 d6 4. Bg2 Nd7 5. 0-0 e5 6. dxe5 dxe5 7. e4 Ngf6 8. Nbd2 0-0 9. c3 a5 10. Qc2 a4 11. Rd1 c6 12. Nc4 Ne8 13. Be3 Qc7 14. Qd2 b5 15. Nd6 Nef6 16. Nxc8 Rfxc8 17. Qd6 Qxd6 18. Rxd6 Bf8 19. Rd2 Bc5 20. Bxc5 Nxc5 21. Nxe5 Nfxe4 22. Re2 f5 23. Bxe4 Nxe4 24. Rd1 a3 25. f3 Nf6 26. Rd6 axb2 27. Rxb2 Kg7 28. Rxc6 Rxc6 29. Nxc6 Rc8 30. Nd4 Rxc3 31. Rxb5 Rd3 32. Ne6+ Kh6 33. Rb3 Rd1+ 34. Kg2 Rd2+ 35. Kh3 Rxa2 36. g4 fxg4+ 37. fxg4 Ne4 38. Re3 Ra4 39. Kh4 g5+ 40. Kh3 Nf2+ 41. Kg3 Nxg4 42. Rb3 Nf6 43. Rb6 Kg6 44. Nc5 Ra3+ 45. Kg2 Kf5 46. Rb5 Ng4 47. Nd7+ Kg6 48. Nf8+ Kh6 49. Rb6+ Kg7 50. Ne6+ Kf6 51. Nc5+ Kf5 52. Rb5 Ra2+ 53. Kg3 Nxh2 54. Nd3+ Kg6 55. Ne5+ Kh5 56. Nf7 h6 57. Rb6 Nf1+ 58. Kf3 g4+ 59. Kf4 Rf2+ 60. Ke4 Rxf7 61. Rb2 g3 62. Rg2 Kg4 63. Rg1 h5 64. Rh1 h4 65. Rg1 Rf2 66. Kd3 h3 67. Rh1 h2 68. Kc4 Kh3 69. Kd5 Kg2 70. Rg1+ hxg1Q 0-1

[Event "Titled Tuesday intern op 5th March"]
[Site "Chess.com INT"]
[Date "2019.03.05"]
[Round "8"]
[White "Pechen, Yeltsina"]
[Black "Martinez Romero, Martin"]
[Result "1-0"]
[WhiteElo "2649"]
[BlackElo "2433"]
[PlyCount "102"]
[EventDate "2019.03.05"]
[EventType "swiss (blitz)"]
[EventRounds "10"]
[EventCountry "USA"]
[SourceTitle "EXT 2021"]
[Source "ChessBase"]
[SourceDate "2020.10.23"]
[SourceVersion "1"]
[SourceVersionDate "2020.10.23"]
[SourceQuality "1"]

1. e4 c5 2. Nf3 d6 3. g3 Nf6 4. d3 g6 5. Bg2 Bg7 6. 0-0 0-0 7. Re1 Nc6 8. c3 Rb8 9. h3 b5 10. d4 Nd7 11. Bf4 b4 12. e5 bxc3 13. bxc3 dxe5 14. dxe5 e6 15. Qd6 Rb6 16. Bg5 Ncxe5 17. Bxd8 Nxf3+ 18. Bxf3 Rxd6 19. Be7 Rd3 20. Bxf8 Kxf8 21. Be4 Rxc3 22. Nxc3 Bxc3 23. Rac1 Bxe1 24. Rxe1 Ke7 25. f4 Nb6 26. Kf2 Ba6 27. Rc1 Kd6 28. h4 Bc4 29. Rc2 Bd5 30. Bxd5 exd5 31. Re2 c4 32. Ke3 Kc5 33. Kd2 d4 34. Re5+ Nd5 35. a3 a5 36. h5 gxh5 37. Rxh5 d3 38. f5 Nf6 39. Rh4 Kd5 40. Ke3 a4 41. Rd4+ Kc5 42. Rd8 Nd5+ 43. Ke4 Nc3+ 44. Ke5 f6+ 45. Kxf6 d2 46. Ke5 Ne4 47. Kxe4 c3 48. Ke3 Kc4 49. f6 Kb3 50. f7 Kxa3 51. f8Q+ Kb2 1-0